मोम के पंख (Record no. 4185)

MARC details
000 -LEADER
fixed length control field 00983 a2200241 4500
005 - DATE AND TIME OF LATEST TRANSACTION
control field 20080904151037.0
008 - FIXED-LENGTH DATA ELEMENTS--GENERAL INFORMATION
fixed length control field 080904t xxu||||| |||| 00| 0 hin d
010 ## - LIBRARY OF CONGRESS CONTROL NUMBER
LC control number HIN-79925
020 ## - INTERNATIONAL STANDARD BOOK NUMBER
Terms of availability 145.00
International Standard Book Number 8188852392
035 ## - SYSTEM CONTROL NUMBER
System control number HN-52271
037 ## - SOURCE OF ACQUISITION
Source of stock number/acquisition D.B.Act / pub
082 ## - DEWEY DECIMAL CLASSIFICATION NUMBER
Classification number 821
100 ## - MAIN ENTRY--PERSONAL NAME
Personal name जैन, सीमा
245 ## - TITLE STATEMENT
Title मोम के पंख
Statement of responsibility, etc सीमा जैन
246 ## - VARYING FORM OF TITLE
Title proper/short title Mom ke pankh
Remainder of title by Seema Jain
260 ## - PUBLICATION, DISTRIBUTION, ETC. (IMPRINT)
Place of publication, distribution, etc जालंधर
Name of publisher, distributor, etc दीपक पब्लिशर्ज
Date of publication, distribution, etc 2002
270 ## - ADDRESS
Address माई हीरां गेट
City जालंधर
Telephone number 0181-2281924
300 ## - PHYSICAL DESCRIPTION
Extent 95पृ
Dimensions 22 सेमी (सजिल्द)
650 ## - SUBJECT ADDED ENTRY--TOPICAL TERM
Topical term or geographic name as entry element हिन्दी कविताएँ
650 ## - SUBJECT ADDED ENTRY--TOPICAL TERM
Topical term or geographic name as entry element Hindi Poems
942 ## - ADDED ENTRY ELEMENTS (KOHA)
Institution code [OBSOLETE] dpl
Koha item type Hindi Books
Call number prefix 821 / जैनसी
Source of classification or shelving scheme Dewey Decimal Classification
Classification part 821
Call number suffix जैनसी
Holdings
Withdrawn status Lost status Damaged status Not for loan Home library Current library Date acquired Cost, normal purchase price Total Checkouts Full call number Barcode Date last seen Copy number Uniform Resource Identifier Cost, replacement price Price effective from Koha item type
        D.B.Act.Division D.B.Act.Division 04/09/2008 145.00   821 जैनसी HN-52271 15/09/2008 1 4433 145.00 15/09/2008 Hindi Books

© Delhi Public Library
Hit Counter
free hit counter